| 000 | 00586nam a22002177a 4500 | ||
|---|---|---|---|
| 003 | DO-SdBNP | ||
| 005 | 20180212091800.0 | ||
| 008 | 161122b 198 xxu||||| |||| 00| 0 spa d | ||
| 020 | _a0060223871 | ||
| 020 | _a 006022391X | ||
| 020 | _a0064441016 | ||
| 040 |
_aBPMSU _bspa _cBPMSU |
||
| 100 | 1 | _aHoban, Lillian | |
| 245 | 1 | 0 |
_aArthur's halloween costume / _cLillian Hoban. |
| 260 |
_aNew York : _bHarper Trophy, _c1984 |
||
| 300 |
_a60 p. : _bil. : _c23 cm |
||
| 500 | _aAn I Can Read Book | ||
| 942 |
_2ddc _cBK |
||
| 945 | _aInventariado, 2018 /LP | ||
| 956 |
_aDGARCIA _b10 |
||
| 999 |
_c12030 _d12030 |
||